000
00507nam a2200181Ia 4500
008
090123s9999 xx 000 0 und d
082
_b
13191
100
_a
गोखले अरविंद
245
_a
कथाई
250
_a
2
260
_b
कॉन्टिनेंटल प्रकाशन
_c
1983
300
_a
152
600
_a
गोखले अरविंद
630
_a
कथाई
700
_a
गोखले अरविंद
730
_a
कथाई
942
_c
BOOK
999
_c
51254
_d
51254